[Event "Druzynowe Mistrzostwa Polski Juniorow - II liga"]
[Site "Sypniewo k. Jastrowia"]
[Date "2023-06-22"]
[Round "9.38"]
[White "Feseniuk, Pavlo"]
[Black "Rzap, Filip"]
[Result "0-1"]
[WhiteTitle "II"]
[BlackTitle "II+"]
[WhiteElo "1350"]
[BlackElo "1511"]

1. e4 2. c5 3. Nc3 4. Nc6 5. d3 6. g6 7. g3 8. Bg7 9. Bg2 10. Nf6 11. f4 12. d6
13. Nf3 14. O-O 15. O-O 16. Rb8 17. h3 18. e6 19. g4 20. b5 21. Ne1 22. Nd4 23.
Ne2 24. Nxe2+ 25. Qxe2 26. c4 27. dxc4 28. bxc4 29. Qxc4 30. Qb6+ 31. Rf2 Ba6
32. Qb3 33. Qa5 34. Qe3 35. Nd7 36. c3 37. Qc7 38. Nc2 39. Nc5 40. Nb4 41. Bb5
42. Bf1 43. a5 44. Nc2 45. Bxf1 46. Kxf1 47. Qc6 48. e5 dxe5 49. fxe5 50. Qh1+
51. Ke2 52. Qd5 53. Qd4 54. Qxe5+ 55. Kf1 56. Qc7 57. Qc4 58. Qe7 59. Nd4 60.
Rfc8 61. Qe2 62. Qd7 63. Bf4 64. e5 65. Bg3 66. exd4 67. Bxb8 68. d3 69. Qe3 70.
Qb7 71. Bh2 72. Ne4 73. Rg2 74. d2 75. Rd1 76. Re8 77. Rdxd2 78. Nxd2+ 79. Qxd2
80. Qf3+ 81. Qf2 82. Qd1+ 0-1

[Event "Druzynowe Mistrzostwa Polski Juniorow - II liga"]
[Site "Sypniewo k. Jastrowia"]
[Date "2023-06-22"]
[Round "9.39"]
[White "Krasniewski, Grzegorz"]
[Black "Wasilewski, Mateusz"]
[Result "1-0"]
[WhiteTitle "II"]
[BlackTitle "II"]
[WhiteElo "1220"]
[BlackElo "1227"]

1. e4 2. c5 3. Nf3 4. e6 5. d4 6. cxd4 7. Nxd4 8. Nf6 9. Nc3 10. Nc6 11. Ndb5 12.
d6 13. Bf4 14. e5 15. Bg5 16. a6 17. Na3 18. b5 19. Bxf6 20. gxf6 21. Nd5 22.
Bg7 23. c3 24. O-O 25. Nc2 26. f5 27. exf5 28. Bxf5 29. Nce3 30. Bg6 31. Qd2 32.
f5 33. O-O-O 34. f4 35. Nc2 36. Re8 37. Kb1 38. Rb8 39. Ka1 40. Bf8 41. f3 42.
Bf7 43. g3 44. fxg3 45. Rg1 46. a5 47. Rxg3+ 48. Kh8 49. Rh3 50. Be6 51. Rg3 52.
Bxd5 53. Qxd5 54. Ne7 55. Qe4 56. Ng6 57. Rh3 58. Qf6 59. Bd3 60. Re6 61. Rg1
62. Kg7 63. Qg4 64. Qf7 65. Qh5 66. Qg8 67. Rhg3 68. Qf7 69. Rh3 70. Qg8 71. Ne3
1-0

[Event "Druzynowe Mistrzostwa Polski Juniorow - II liga"]
[Site "Sypniewo k. Jastrowia"]
[Date "2023-06-22"]
[Round "9.40"]
[White "Kieca, Aleksandra"]
[Black "Wasilowska, Anna"]
[Result "1-0"]
[WhiteTitle "I++"]
[BlackTitle "III"]
[WhiteElo "1521"]
[BlackElo "1252"]

1. e4 2. g6 3. d4 4. d6 5. Nf3 6. Bg7 7. Bc4 8. Nf6 9. Qe2 10. O-O 11. O-O 12.
Nbd7 13. e5 14. dxe5 15. dxe5 16. Nh5 17. Rd1 18. e6 19. g4 20. Nhf6 21. exf6
22. Qxf6 23. Nc3 24. Qe7 25. Nd5 26. Qd8 27. Nc3 28. b6 29. Bb5 30. a6 31. Bc6
32. Ra7 33. Qd3 34. f5 35. Bxd7 36. Bxd7 37. Qxd7 38. Qxd7 39. Rxd7 40. fxg4 41.
Ng5 42. Re8 43. Be3 44. Be5 45. Nxh7 46. Raa8 47. Ne4 48. Kh8 49. Nhf6 50. Rf8
51. Rh7# 1-0

[Event "Druzynowe Mistrzostwa Polski Juniorow - II liga"]
[Site "Sypniewo k. Jastrowia"]
[Date "2023-06-22"]
[Round "9.42"]
[White "Mosny, Kamil"]
[Black "Skrzypinski, Jan"]
[Result "1/2-1/2"]
[WhiteTitle "I"]
[BlackTitle "I"]
[WhiteElo "1715"]
[BlackElo "1862"]

1. d4 2. Nf6 3. c4 4. g6 5. Nf3 6. Bg7 7. g3 8. O-O 9. Bg2 10. d6 11. O-O 12. Nc6
13. Nc3 14. e5 15. dxe5 16. Nxe5 17. Nxe5 18. dxe5 19. Bg5 20. Qxd1 21. Rfxd1
22. c6 23. h3 24. Be6 25. b3 26. h6 27. Be3 28. Nd7 29. Ne4 30. a5 31. Rd6 32.
Rfe8 33. Rad1 34. f5 35. Rxe6 36. Rxe6 37. Rxd7 38. fxe4 39. a4 40. Rb8 41. Bxe4
42. Bf8 43. Ba7 44. Ra8 45. Rxb7 46. Re7 47. Rxe7 48. Bxe7 49. Be3 50. Rb8 51.
Bxc6 52. Rxb3 53. Bb5 54. Bb4 55. Kg2 56. Kg7 57. Bb6 58. Rc3 59. c5 60. Rxc5
61. Bxc5 62. Bxc5 63. Kf3 64. Kf6 65. e3 66. Bb4 67. Bd3 68. g5 69. Be4 70. Bc3
71. Ke2 72. Bb4 1/2-1/2

[Event "Druzynowe Mistrzostwa Polski Juniorow - II liga"]
[Site "Sypniewo k. Jastrowia"]
[Date "2023-06-22"]
[Round "9.43"]
[White "Kaczmarek, Jan"]
[Black "Ciupka, Kamil"]
[Result "1/2-1/2"]
[WhiteTitle "II+"]
[BlackTitle "II"]
[WhiteElo "1574"]
[BlackElo "1619"]

1. e4 c6 2. d4 3. d5 4. e5 5. Bf5 6. Nd2 7. e6 8. Nb3 9. Nd7 10. Nf3 11. a6 12.
Be2 13. c5 14. dxc5 15. Ne7 16. O-O 17. Nc6 18. Nbd4 19. Nxd4 20. Nxd4 21. Bg6
22. c4 dxc4 23. Bxc4 24. Bxc5 25. b4 26. Bxd4 27. Qxd4 28. Nb6 29. Qxd8+ 30. Rxd8
31. Bb3 32. O-O 33. Be3 34. Nd5 35. Bc5 36. Rfe8 37. a4 38. Rc8 39. Rfd1 40. Red8
41. Rac1 42. Nf4 43. Rxd8+ 44. Rxd8 45. Rd1 46. Rxd1+ 47. Bxd1 48. Be4 49. f3
50. Bd5 51. Bc2 52. Bc6 53. a5 54. Nd5 55. Kf2 56. g6 57. Bd6 58. Kg7 59. Bc5
1/2-1/2

[Event "Druzynowe Mistrzostwa Polski Juniorow - II liga"]
[Site "Sypniewo k. Jastrowia"]
[Date "2023-06-22"]
[Round "9.44"]
[White "Smolinski, Wojciech"]
[Black "Stachowiak, Bruno"]
[Result "1-0"]
[WhiteTitle "II"]
[BlackTitle "II"]
[WhiteElo "1472"]
[BlackElo "1591"]

1. e4 2. c5 3. Nf3 4. Nc6 5. Bb5 6. g6 7. Bxc6 8. bxc6 9. O-O 10. Bg7 11. Re1 12.
e5 13. c3 14. d6 15. d4 16. cxd4 17. cxd4 18. Bg4 19. dxe5 20. dxe5 21. h3 22.
Bxf3 23. Qxf3 24. Ne7 25. Rd1 26. Qc7 27. Bg5 28. f6 29. Bd2 30. Rb8 31. Qa3 32.
Qb7 33. Nc3 34. O-O 35. Na4 36. Rf7 37. Bc3 38. f5 39. Nc5 40. Qc8 41. Nd7 42.
Rb5 43. Bb4 44. Nd5 45. exd5 46. Rxd7 47. dxc6 48. Qxc6 49. Qb3+ 50. Rbd5 51.
Rac1 52. Qe6 53. Rxd5 54. Rxd5 55. Rc5 56. Rd6 57. Rc8+ 1-0

[Event "Druzynowe Mistrzostwa Polski Juniorow - II liga"]
[Site "Sypniewo k. Jastrowia"]
[Date "2023-06-22"]
[Round "9.46"]
[White "Trybus, Dominika"]
[Black "Gac-mytych, Sara"]
[Result "1-0"]
[WhiteTitle "I++"]
[BlackTitle "II+"]
[WhiteElo "1555"]
[BlackElo "1136"]

1. e4 2. c6 3. d4 4. d5 5. e5 6. Bf5 7. h4 8. h5 9. Bd3 10. Bxd3 11. Qxd3 12. e6
13. Bg5 14. Ne7 15. Nf3 16. Nd7 17. Nbd2 18. Qc7 19. c4 20. dxc4 21. Nxc4 22.
Nd5 23. O-O 24. c5 25. Rac1 26. Rc8 27. dxc5 28. Nxc5 29. Qd4 30. Qd7 31. Nd6+
32. Bxd6 33. exd6 34. f6 35. Rfe1 36. O-O 37. Rxc5 38. Rxc5 39. Qxc5 40. b6 41.
Qd4 42. fxg5 43. Nxg5 44. Rf6 45. Qe4 46. g6 47. Nxe6 48. Qxd6 49. Ng5 50. Qf4
51. Qxd5+ 52. Kg7 53. Re7+ 54. Kf8 55. Qd8# 1-0

[Event "Druzynowe Mistrzostwa Polski Juniorow - II liga"]
[Site "Sypniewo k. Jastrowia"]
[Date "2023-06-22"]
[Round "9.48"]
[White "Jendrowiak, Maciej"]
[Black "Doroba, Ludwik"]
[Result "1/2-1/2"]
[WhiteTitle "I"]
[BlackTitle "II"]
[WhiteElo "1892"]
[BlackElo "1420"]

1. e4 2. c5 3. c3 4. g6 5. d4 6. cxd4 7. cxd4 8. d5 9. e5 10. Bg7 11. Nf3 12. Nc6
13. Bb5 14. Nh6 15. h3 16. O-O 17. O-O 18. Nf5 19. Nc3 20. f6 21. Bxc6 22. bxc6
23. Re1 24. h5 25. Na4 26. g5 27. Nh2 28. Bd7 29. Nc5 30. Qc8 31. a3 32. Be8 33.
exf6 34. exf6 35. Qa4 36. Bf7 37. Bd2 38. Nd6 39. b3 40. Nb5 41. Rac1 42. Qf5
43. Be3 44. Rfe8 45. Qa6 46. Qc8 47. a4 48. Nd6 49. Qa5 50. Nf5 51. Qc3 52. Rb8
53. a5 54. Re7 55. Bd2 56. Bf8 57. Nd3 58. Rxe1+ 59. Rxe1 60. Nd6 61. Nc5 62.
Rb5 63. Rc1 64. Kg7 65. Re1 1/2-1/2

[Event "Druzynowe Mistrzostwa Polski Juniorow - II liga"]
[Site "Sypniewo k. Jastrowia"]
[Date "2023-06-22"]
[Round "9.49"]
[White "Rumniak, Aleksy"]
[Black "Wierzbicki, Dawid"]
[Result "1/2-1/2"]
[WhiteTitle "II"]
[BlackTitle "I"]
[WhiteElo "1272"]
[BlackElo "1762"]

1. e4 2. d5 3. exd5 4. Qxd5 5. Nc3 6. Qd6 7. Bc4 8. Nf6 9. h3 10. c6 11. d3 12.
Nbd7 13. a4 14. Nb6 15. Bb3 16. Bf5 17. Bd2 18. h6 19. Qe2 20. e6 21. O-O-O 22.
Nfd5 23. Ne4 24. Qc7 25. g3 26. Nd7 27. Kb1 28. Be7 29. f4 30. a6 31. Rf1 32.
b5 33. g4 34. Bxe4 35. dxe4 36. N5b6 37. a5 38. Nc8 39. f5 40. e5 41. Nf3 42.
Nd6 43. Bc3 44. Nb7 45. h4 46. Nxa5 47. Bxa5 48. Qxa5 49. g5 50. f6 51. gxh6 52.
gxh6 53. Rhg1 54. Nc5 55. Nxe5 56. fxe5 57. Qh5+ 58. Kd7 59. Rd1+ 60. Kc7 61.
Rg7 62. Nxb3 63. Rxe7+ 64. Kb6 65. cxb3 66. Rad8 67. Rxe5 68. Qb4 69. Qf3 70.
Kc7 71. Rc1 72. Rd2 73. Rec5 74. Qd4 75. Rxc6+ 76. Kb7 77. R6c3 78. Rf2 79. Qg3
80. Rh7 81. Rc7+ 82. Kb6 83. R1c6+ 84. Ka5 85. Qc3+ 86. Qxc3 87. Rxc3 88. Rxc7
89. Rxc7 90. Kb4 91. Ka2 92. Rf4 93. Re7 94. Kc5 95. Re6 96. Rxh4 97. f6 98. Rf4
99. e5 100. h5 101. Re7 102. h4 103. Rh7 104. Kd5 105. Rh5 106. Ke6 1/2-1/2

[Event "Druzynowe Mistrzostwa Polski Juniorow - II liga"]
[Site "Sypniewo k. Jastrowia"]
[Date "2023-06-22"]
[Round "9.52"]
[White "Nieckarz, Maja"]
[Black "Mitrega, Wiktoria"]
[Result "1-0"]
[WhiteTitle "I++"]
[BlackTitle "I"]
[WhiteElo "1514"]
[BlackElo "1348"]

1. e4 2. e6 3. d4 4. d5 5. Nc3 6. Nf6 7. Bg5 8. Be7 9. e5 10. Nfd7 11. h4 12. h6
13. Bxe7 14. Qxe7 15. Qg4 16. f5 17. Qf3 18. a6 19. Nge2 20. g6 21. Nf4 22. Rg8
23. Bd3 24. Nc6 25. h5 26. g5 27. Nfxd5 28. exd5 29. Nxd5 30. Nxd4 31. Qe3 32.
Qc5 33. e6 34. Qxd5 35. exd7+ 36. Kxd7 37. O-O-O 38. c5 39. c3 40. Re8 41. Qd2
42. Qxa2 43. cxd4 44. c4 45. Bxf5+ 46. Kc7 47. Bg6 48. Re6 49. d5 50. Rd6 51.
Qb4 52. b6 53. Bb1 54. Qa1 55. Qxc4+ 56. Kb7 57. Qa2 58. Qxa2 59. Bxa2 60. Bf5
61. Rd2 62. Rad8 63. f3 64. R8d7 65. Re1 66. g4 67. Re5 68. Rf7 69. Kd1 70. b5
71. Bb3 72. gxf3 73. gxf3 74. Bh3 75. Ke2 76. Bg2 77. Rd3 78. Bh3 79. Bc2 80.
Rg7 81. Ke3 82. Rg1 83. Rd2 84. Rg3 85. Be4 86. Rg7 87. Rc2 88. Bd7 89. Bg6 90.
Kb6 91. f4 92. a5 93. f5 94. Rf6 95. Kd4 96. b4 97. b3 98. Kb5 99. d6+ 100. Kb6
101. Kd5 102. Bb5 103. Re7 104. Rg8 105. Rcc7 106. Ba6 107. Re6 108. Rgf8 109.
Rxf6 110. Rxf6 111. Rf7 112. Rxf7 113. Bxf7 114. Bc8 115. f6 1-0

[Event "Druzynowe Mistrzostwa Polski Juniorow - II liga"]
[Site "Sypniewo k. Jastrowia"]
[Date "2023-06-22"]
[Round "9.54"]
[White "Grzadka, Artur"]
[Black "Stanislawski, Karol"]
[Result "1-0"]
[WhiteTitle "I"]
[BlackTitle "I"]
[WhiteElo "1770"]
[BlackElo "1758"]

1. d4 2. Nf6 3. c4 4. g6 5. Nc3 6. Bg7 7. Nf3 8. O-O 9. Bg5 10. d6 11. e3 12. c5
13. d5 14. h6 15. Bh4 16. g5 17. Bg3 18. Nh5 19. Nd2 20. Nxg3 21. hxg3 22. f5
23. Bd3 24. Na6 25. f4 26. e6 27. a3 28. Nc7 29. Qe2 30. Qf6 31. e4 32. exd5 33.
cxd5 34. Bd7 35. O-O-O 36. Rae8 37. Qh5 38. b5 39. Nf3 40. g4 41. e5 42. Qe7 43.
Qg6 44. dxe5 45. fxe5 46. gxf3 47. e6 48. Qg5+ 49. Qxg5 50. hxg5 51. exd7 52.
Re3 53. gxf3 54. Bxc3 55. bxc3 56. c4 57. Bxf5 58. Rxc3+ 59. Kb2 60. Rxf3 61.
g4 62. Rd8 63. d6 64. Na6 65. Rhe1 66. Kf8 67. Rd5 68. Nb8 69. Re8+ 70. Rxe8 71.
dxe8=Q+ 72. Kxe8 73. d7+ 74. Kd8 75. Rxb5 76. Rb3+ 77. Rxb3 78. cxb3 79. Kxb3
80. Nxd7 81. Kb4 82. Kc7 83. Kc4 84. Nb6+ 85. Kc5 86. Na4+ 87. Kd5 88. Nc3+ 89.
Ke5 90. Nb5 91. a4 92. Nc3 93. Bc2 94. Kb6 95. Kf5 96. Ka5 97. Kxg5 98. Nxa4 99.
Bxa4 100. Kxa4 101. Kf4 102. a5 103. g5 104. Kb3 105. g6 106. a4 107. g7 108.
a3 109. g8=Q+ 110. Kb2 111. Qg2+ 112. Kb1 113. Qf1+ 114. Kb2 115. Qe2+ 116. Kb1
117. Qd1+ 118. Kb2 119. Qd2+ 120. Kb1 121. Qb4+ 122. Ka2 123. Ke4 1-0

[Event "Druzynowe Mistrzostwa Polski Juniorow - II liga"]
[Site "Sypniewo k. Jastrowia"]
[Date "2023-06-22"]
[Round "9.55"]
[White "Gorecki, Michal"]
[Black "Dysko, Michal"]
[Result "1-0"]
[WhiteTitle "II+"]
[BlackTitle "II+"]
[WhiteElo "1509"]
[BlackElo "1500"]

1. e4 2. e5 3. Nf3 4. Nc6 5. Bb5 6. a6 7. Ba4 8. Nf6 9. O-O 10. b5 11. Bb3 12.
Bc5 13. Re1 14. d6 15. c3 16. O-O 17. h3 18. Bb7 19. d3 20. h6 21. Be3 22. Bxe3
23. fxe3 24. Ne7 25. Nbd2 26. c5 27. Bc2 28. Ng6 29. d4 30. Nh7 31. Qe2 32. Ng5
33. Rf1 34. Qe7 35. Nxg5 36. Qxg5 37. Rf5 38. Qe7 39. Raf1 40. Bc8 41. R5f2 42.
Nh4 43. Nf3 44. Nxf3+ 45. Rxf3 46. Ra7 47. Qf2 48. a5 49. a4 50. b4 51. c4 52.
Rb7 53. b3 54. Rd7 55. d5 56. Rc7 57. Rg3 58. Bd7 59. Qf6 60. Qxf6 61. Rxf6 62.
Kh8 63. Rxd6 64. Ra8 65. Bd1 66. Rb7 67. Bg4 68. Bxa4 69. bxa4 70. b3 71. Bd1
b2 72. Bc2 73. b1=Q+ 74. Bxb1 75. Rxb1+ 76. Kh2 77. Rb4 78. Rc6 79. Rxc4 80. Rf3
81. f6 82. Rf2 83. Rxa4 84. d6 85. Rb4 86. d7 87. Rbb8 88. Rxc5 89. Rd8 90. Rc7
91. a4 92. Rfc2 93. a3 94. Rc8 95. a2 96. Rxa8 1-0

[Event "Druzynowe Mistrzostwa Polski Juniorow - II liga"]
[Site "Sypniewo k. Jastrowia"]
[Date "2023-06-22"]
[Round "9.56"]
[White "Olejko, Wojciech"]
[Black "Szeszycki, Jan"]
[Result "0-1"]
[WhiteTitle "II"]
[BlackTitle "II"]
[WhiteElo "1288"]
[BlackElo "1218"]

1. Nf3 2. Nf6 3. g3 4. g6 5. b3 6. Bg7 7. Bb2 8. d6 9. d4 10. O-O 11. Bg2 12. Nbd7
13. O-O 14. Qe8 15. Nbd2 16. e5 17. dxe5 18. dxe5 19. e4 20. b6 21. Ba3 22. c5
23. Re1 24. Bb7 25. Bb2 26. Qe7 27. Qe2 28. Rad8 29. a4 30. Rfe8 31. a5 32. Rc8
33. axb6 34. axb6 35. Red1 36. Ra8 37. Ne1 38. Rxa1 39. Rxa1 40. Ra8 41. Rxa8+
42. Bxa8 43. Qa6 44. Qd8 45. Nd3 46. Ne8 47. Nc4 48. Nc7 49. Qa1 50. f6 51. Ne3
52. Nf8 53. f4 54. exf4 55. Nxf4 56. Nfe6 57. Nxe6 58. Nxe6 59. Nd5 60. Bxd5 61.
exd5 62. Nc7 63. c4 64. Qd6 65. Qe1 66. f5 67. Bc1 68. Bd4+ 69. Kh1 70. Kg7 71.
Bf4 72. Qd7 73. Be5+ 74. Bxe5 75. Qxe5+ 76. Kg8 77. d6 78. Ne6 79. Bd5 80. Kf7
81. Qh8 82. Qxd6 83. Qxh7+ 84. Kf6 85. Qh4+ 86. Kg7 87. Bxe6 88. Qd1+ 89. Kg2
90. Qe2+ 91. Kg1 92. Qe1+ 93. Kg2 94. Qe2+ 95. Kh3 96. Qf1# 0-1

[Event "Druzynowe Mistrzostwa Polski Juniorow - II liga"]
[Site "Sypniewo k. Jastrowia"]
[Date "2023-06-22"]
[Round "9.59"]
[White "Lukasik, Aleksandra"]
[Black "Woytitzki, Maja"]
[Result "0-1"]
[WhiteTitle "I"]
[BlackTitle "I"]
[WhiteElo "1252"]
[BlackElo "1233"]

1. e4 2. e6 3. d4 4. d5 5. e5 6. c5 7. c3 8. Nc6 9. Nf3 10. Qb6 11. Bd3 12. Bd7
13. Bc2 14. cxd4 15. cxd4 16. Rc8 17. O-O 18. Be7 19. Nc3 20. h5 21. Rb1 22. Nh6
23. Be3 24. Nb4 25. a3 26. Nxc2 27. Qxc2 28. Nf5 29. Qd2 30. h4 31. h3 32. Nxe3
33. Qxe3 34. Qd8 35. Nh2 36. Bg5 37. Qf3 38. Rc4 39. Rfd1 40. b5 41. Ng4 42. Qb6
43. Qd3 44. b4 45. Na2 46. Bb5 47. Qf3 48. a5 49. axb4 50. axb4 51. Ne3 52. Bxe3
53. Qxe3 54. O-O 55. b3 56. Rc7 57. Nxb4 58. Qa5 59. Nd3 60. Rc3 61. Rbc1 62.
Rxb3 63. Kf1 64. Qa3 65. Ra1 66. Rxd3 67. Qxd3 68. Bxd3+ 69. Ke1 70. Qc3+ 71.
Rd2 72. Qxa1+ 73. Rd1 74. Qxd4 75. Rxd3 76. Qxd3 77. f3 78. Rc8 79. g3 80. Rc1+
81. Kf2 82. Qd2# 0-1

[Event "Druzynowe Mistrzostwa Polski Juniorow - II liga"]
[Site "Sypniewo k. Jastrowia"]
[Date "2023-06-22"]
[Round "9.60"]
[White "Pulit, Kacper"]
[Black "Guzik, Michal"]
[Result "1/2-1/2"]
[WhiteTitle "II"]
[BlackTitle "I"]
[WhiteElo "1332"]
[BlackElo "1444"]

1. e4 2. c5 3. Nf3 4. Nf6 5. e5 6. Nd5 7. c3 8. e6 9. d4 10. cxd4 11. cxd4 12.
d6 13. Nc3 14. dxe5 15. Nxe5 16. Bb4 17. Bb5+ 18. Bd7 19. Nxd7 20. Nxc3 21. bxc3
22. Bxc3+ 23. Bd2 24. Bxd2+ 25. Qxd2 26. Nxd7 27. d5 28. a6 29. dxe6 30. axb5
31. exd7+ 32. Qxd7 33. Qxd7+ 34. Kxd7 35. O-O-O 36. Kc6 37. Kb2 38. Rhe8 39. Rc1+
40. Kb6 41. Rc2 42. Rad8 43. Rhc1 44. Rd4 45. f3 46. Re3 47. Kb1 48. Rb4+ 49.
Ka1 50. Ra4 51. Rd1 52. b4 53. Rd6+ 54. Ka7 55. Kb1 56. Rc3 57. Rb2 58. Rc4 59.
Rd7 60. Rf4 61. Rb3 62. Ra3 63. Kb2 64. Rxb3+ 65. Kxb3 66. Kb6 67. Ka4 68. Kc6
69. Re7 70. g5 71. Re5 72. h6 73. h3 74. b5+ 75. Kb3 76. f6 77. Re8 78. h5 79.
Rg8 80. Kc5 81. Rh8 82. h4 83. Rf8 84. Kd4 85. Re8 86. Kd3 87. Re6 88. f5 89.
Rg6 90. g4 91. hxg4 92. fxg4 93. Rxg4 94. Rxg4 1/2-1/2

[Event "Druzynowe Mistrzostwa Polski Juniorow - II liga"]
[Site "Sypniewo k. Jastrowia"]
[Date "2023-06-22"]
[Round "9.61"]
[White "Mastej, Krzysztof"]
[Black "Penar, Marcin"]
[Result "1/2-1/2"]
[WhiteTitle "II+"]
[BlackTitle "II"]
[WhiteElo "1502"]
[BlackElo "1280"]

1. e4 2. c5 3. Nc3 4. Nc6 5. f4 6. g6 7. Nf3 8. Bg7 9. Bb5 10. Nd4 11. O-O 12.
Nxb5 13. Nxb5 14. a6 15. Nc3 16. b5 17. d3 18. d6 19. Qe1 20. Bb7 21. Rb1 22.
b4 23. Ne2 24. Qc7 25. Kh1 26. e6 27. f5 28. exf5 29. exf5 30. Bxf3 31. Rxf3 32.
O-O-O 33. Qf2 34. f6 35. Nf4 36. Qf7 37. Ne6 38. Rd7 39. b3 40. Bh6 41. g4 42.
Bxc1 43. Rxc1 44. gxf5 45. gxf5 46. Ne7 47. d4 48. Nxf5 49. Rxf5 50. Qxe6 51.
Re1 52. Qf7 53. dxc5 54. dxc5 55. Qxc5+ 56. Rc7 57. Qxb4 58. Rd8 59. Qb6 60. Rxc2
61. Qxa6+ 62. Qb7+ 63. Qxb7+ 64. Kxb7 65. Rxf6 66. Rxa2 67. Rf7+ 68. Kc6 69. Rxh7
70. Rd3 71. Rh5 72. Rxb3 73. Rg1 74. Kd6 1/2-1/2

[Event "Druzynowe Mistrzostwa Polski Juniorow - II liga"]
[Site "Sypniewo k. Jastrowia"]
[Date "2023-06-22"]
[Round "9.62"]
[White "Plywacz, Mateusz"]
[Black "Oberc, Szymon"]
[Result "1-0"]
[WhiteTitle "II"]
[BlackTitle "II+"]
[WhiteElo "1584"]
[BlackElo "1427"]

1. e4 2. e5 3. Nf3 4. Nc6 5. Nc3 6. Nf6 7. d4 8. exd4 9. Nxd4 10. Bb4 11. Nxc6
12. Bxc3+ 13. bxc3 14. bxc6 15. Bd3 16. O-O 17. O-O 18. Re8 19. Re1 20. d6 21.
Bg5 22. h6 23. Bh4 24. Be6 25. f4 26. Qc8 27. Bxf6 28. gxf6 29. f5 30. Bd7 31.
Qh5 32. Kg7 33. Rf1 34. Rh8 35. Bc4 36. Qe8 37. Rf4 38. Kf8 39. Rg4 40. Rb8 41.
Bb3 42. c5 43. Rf1 44. Ba4 45. Bxa4 46. Qxa4 47. e5 48. Qe8 49. e6 50. Rb2 51.
Re1 52. Qe7 53. Rge4 54. Rb8 55. exf7 56. Qxf7 57. Qxf7+ 58. Kxf7 59. Re7+ 60.
Kg8 61. Re8+ 62. Rxe8 63. Rxe8+ 64. Kg7 65. Re7+ 66. Kg8 67. Rxc7 68. Rh7 69.
Rc8+ 70. Kf7 71. Ra8 72. a5 73. Rxa5 74. Rh8 75. Ra7+ 76. Kf8 77. Ra8+ 78. Kg7
79. Rxh8 80. Kxh8 81. a4 82. Kg7 83. a5 84. Kf7 85. a6 86. Ke7 87. a7 88. Kd7
89. a8=Q 1-0

[Event "Druzynowe Mistrzostwa Polski Juniorow - II liga"]
[Site "Sypniewo k. Jastrowia"]
[Date "2023-06-22"]
[Round "9.63"]
[White "Wojtun, Maksymilian"]
[Black "Schiller, Marcin"]
[Result "1/2-1/2"]
[WhiteTitle "II"]
[BlackTitle "II+"]
[WhiteElo "1126"]
[BlackElo "1327"]

1. e4 2. e6 3. d4 4. d5 5. exd5 6. exd5 7. c4 8. dxc4 9. Bxc4 10. c6 11. Nf3 12.
Nf6 13. O-O 14. Be7 15. Nc3 16. O-O 17. Bf4 18. Bg4 19. Be3 20. Qc7 21. h3 22.
Bh5 23. Be2 24. Nbd7 25. Rc1 26. Rad8 27. d5 28. Nb6 29. Nb5 30. Qb8 31. d6 32.
Bxd6 33. Nxd6 34. Qxd6 35. Qxd6 36. Rxd6 37. Bc5 38. Re6 39. Bxf8 40. Kxf8 41.
Bd1 42. Nbd5 43. Nd4 44. Re4 45. Bxh5 46. Nxh5 47. Rcd1 48. Nhf4 49. Rfe1 50.
Rxe1+ 51. Rxe1 52. g6 53. Nb3 54. Nd3 55. Re2 56. Kg7 57. a3 58. N3f4 59. Rd2
60. Kf6 61. Na5 62. Ke6 63. Nxb7 64. f5 65. Nc5+ 66. Kd6 67. Nd3 68. Nxd3 69.
Rxd3 70. c5 71. Kf1 72. c4 73. Rd2 74. Kc5 75. Ke1 76. Nf4 77. f3 78. Nd3+ 79.
Kd1 80. Kd4 81. g3 82. Ke3 1/2-1/2

[Event "Druzynowe Mistrzostwa Polski Juniorow - II liga"]
[Site "Sypniewo k. Jastrowia"]
[Date "2023-06-22"]
[Round "9.64"]
[White "Bartoszek, Julia"]
[Black "Niedorys, Karolina"]
[Result "1/2-1/2"]
[WhiteTitle "I"]
[BlackTitle "I+"]
[WhiteElo "1373"]
[BlackElo "1519"]

1. d4 2. Nf6 3. c4 4. e6 5. Nc3 6. c5 7. d5 8. exd5 9. cxd5 10. d6 11. e4 12. g6
13. Bd3 14. Bg7 15. Nf3 16. O-O 17. Be3 18. a6 19. a4 20. Ng4 21. Bg5 22. Qc7
23. h3 24. Ne5 25. Nxe5 26. Bxe5 27. O-O 28. Bd7 29. Qc2 30. a5 31. f4 32. Bd4+
33. Kh1 34. Na6 35. Bxa6 36. bxa6 37. f5 38. Rab8 39. f6 40. Rb4 41. Qe2 42. Rfb8
43. Bc1 44. Qc8 45. Qf3 46. Bxc3 47. bxc3 48. Rxa4 49. Rxa4 50. Bxa4 51. Bf4 52.
Qd8 53. Ra1 54. Bb3 55. Qg3 56. Rb6 57. Rxa5 58. Bxd5 59. exd5 60. Rb1+ 61. Kh2
62. Qxa5 63. Qe3 64. Qd8 65. Qe7 66. Qxe7 67. fxe7 68. Re1 69. Bxd6 70. f5 71.
Bxc5 72. Kf7 73. d6 74. Ke8 75. Bb4 76. Ra1 1/2-1/2

[Event "Druzynowe Mistrzostwa Polski Juniorow - II liga"]
[Site "Sypniewo k. Jastrowia"]
[Date "2023-06-22"]
[Round "9.66"]
[White "Kordowski, Karol"]
[Black "Olszewski, Antoni"]
[Result "0-1"]
[WhiteTitle "II"]
[BlackTitle "I"]
[WhiteElo "1351"]
[BlackElo "1767"]

1. e4 2. c5 3. c3 4. d5 5. exd5 6. Qxd5 7. d4 8. g6 9. Nf3 10. Bg7 11. Be2 12.
Nc6 13. c4 14. Qd6 15. d5 16. Nd4 17. O-O 18. Bf5 19. Na3 20. a6 21. Nxd4 22.
Bxd4 23. Bd3 24. Bxd3 25. Qxd3 26. Bg7 27. Qb3 28. Nf6 29. Re1 30. O-O 31. Qf3
32. Nh5 33. Rb1 34. e6 35. dxe6 36. fxe6 37. Qxb7 38. Be5 39. Be3 40. Bxh2+ 41.
Kh1 42. Be5 43. Qe4 44. Nf6 45. Qh4 46. Rad8 47. b4 48. cxb4 49. c5 50. Qd3 51.
Rb3 52. Bc3 53. Nb1 54. Ne4 55. Qg4 56. Rf5 57. Kg1 58. Qd5 59. Nxc3 60. bxc3
61. Rbb1 62. Nxc5 63. Rbd1 64. Nd3 65. Qe2 66. Qc4 67. Qc2 68. Rh5 69. Qb3 70.
Qxb3 71. axb3 72. c2 73. Rd2 74. Rhd5 75. Ra1 76. c1=Q+ 0-1

[Event "Druzynowe Mistrzostwa Polski Juniorow - II liga"]
[Site "Sypniewo k. Jastrowia"]
[Date "2023-06-22"]
[Round "9.67"]
[White "Chmielnicki, Michal"]
[Black "Zimny, Karol"]
[Result "0-1"]
[WhiteTitle "II"]
[BlackTitle "II"]
[WhiteElo "1087"]
[BlackElo "1403"]

1. e4 2. d5 3. exd5 4. Nf6 5. Nc3 6. Nxd5 7. Bc4 8. Nb6 9. Bb3 10. Nc6 11. Nge2
12. g6 13. d3 14. Bg7 15. a3 16. O-O 17. h3 18. e5 19. O-O 20. Re8 21. Re1 22.
Be6 23. Ba2 24. Bxa2 25. Rxa2 26. f5 27. Bd2 28. Qd7 29. f4 30. Nd4 31. Ra1 32.
Rad8 33. Nxd4 34. exd4 35. Ne2 36. c5 37. Ng3 38. Nd5 39. Qf3 40. Ne3 41. Rac1
42. Re6 43. Kh2 44. Rde8 45. c3 46. b6 47. c4 48. Bh6 49. b4 50. Qd6 51. bxc5
52. bxc5 53. Bxe3 54. dxe3 55. Qd5 56. Bxf4 57. Qxd6 58. Bxd6 59. Rb1 60. e2 61.
Rb2 62. Re3 63. Rbxe2 64. Bxg3+ 65. Kg1 66. Rxe2 0-1